000 01141cam a22002771i 4500
003 SA-RiAUC
005 20241223141651.0
008 241220s1992 ua g 00000 ara c
040 _aSA-JeALM
_bara
_cSA-RiAUC
_erda
082 0 4 _a229
_qSA-RiAUC
090 _a229
_bث ع ا
100 1 _aالثعالبي، عبد الملك بن محمد بن إسماعيل،
_d350-429 هجري
_eمؤلف.
245 1 2 _aالاقتباس من القرآن الكريم /
_cلأبي منصور الثعالبي ؛ تحقيق إبتسام مرهون الصفار.
250 _aالطبعة الأولى.
264 1 _aالمنصورة، مصر :
_bدار الوفاء للطباعة والنشر،
_c1992
300 _a2 مجلد ؛
_c24 سم
336 _aنص
_btxt
_2rdacontent
_3كتاب
337 _aبدون وسيط
_bn
_2rdamedia
338 _aمجلد
_bnc
_2rdacarrier
630 2 7 _aالقرآن
_xعلوم
_2aucut
630 7 _aالقرآن
_xمباحث عامة
_2aucut
700 1 _aالصفار، إبتسام مرهون،
_d1940-
_eمحقق.
730 2 2 _aالقرآن
942 _2ddc
_cBOOK
_n0
949 _aSA-JeALM
_d241220
_uosman123
_n1
999 _c3843
_d3843